LEADER 01162nam a2200217 i 4500 001 000000203903 003 CaOOAMICUS 005 20110711000000.0 008 110711s1973 it u000 u ita u 013 $a182618 040 $aSeMil$bita 100 1 $aZanotti, Sergio.$0(OLS)http://semarc/name/73580 245 10$a«Presenza di Manzoni» :$b(Manzoni polemista) : Commemorazione di Alessandro Manzoni nel Centenario della morte 1785-1873 /$cConferenza tenuta dal Prof. Sergio Zanotti al Rotary Club di Ascoli P. il 20 novembre 1973. 260 $a[Ascoli Piceno] :$bRotary Club di Ascoli Piceno,$c1973. 300 $a[11] p. :$b[1] c. di ritr. ;$c24 cm. 650 4$aManzoni, Alessandro <1785-1873> - Celebrativi.$0(OLS)http://semarc/subject/37970 850 $aSeMil 852 $aSeMil$W1$xVenegono$y1$m5B III 22/18$j154397$B154397$CSeMilBibl$Z2$F165278 $81 961 $aOmaggio: Altro 996 $6245$a«Presenza di Manzoni» :$b(Manzoni polemista) : Commemorazione di Alessandro Manzoni nel Centenario della morte 1785-1873$9(OLS)http://semarc/title/295400 996 $6260$a[Ascoli Piceno] :$bRotary Club di Ascoli Piceno$9(OLS)http://semarc/publisher/51886 LEADER 01097nam a2200205 i 4500 001 000000010625 003 CaOOAMICUS 005 20180830125440.0 008 180830s1838 it u000 u ita u 040 $aSeMil$bita 100 1 $aMontesquieu, Charles de Secondat,$c.$0(OLS)http://semarc/name/3038 245 13$aDe l'esprit des lois /$cpar Montesquieu ; précédé de l'analyse de cet ouvrage par d'Alembert. 300 $a3 v. 650 4$aPolitica - Teorie.$0(OLS)http://semarc/subject/1691 700 1 $aAlembert, Jean Baptiste Le Rond : d',$d<1717-1783>.$0(OLS)http://semarc/name/4919 773 0 $aMontesquieu, Charles de Secondat $tOuvres de Montesquieu.$dParis : Pourrat Frères, [183?]$w()10624 774 0 $aMontesquieu, Charles de Secondat $tTome premier.$g1$w()120924 774 0 $aMontesquieu, Charles de Secondat $tTome deuxième.$g2$w()120925 774 0 $aMontesquieu, Charles de Secondat $tTome troisième.$g3$w()120927 996 $6245$aDe l'esprit des lois$9(OLS)http://semarc/title/14039